<?xml version="1.0" encoding="UTF-8"?>
<record
    xmlns:xsi="http://www.w3.org/2001/XMLSchema-instance"
    xsi:schemaLocation="http://www.loc.gov/MARC21/slim http://www.loc.gov/standards/marcxml/schema/MARC21slim.xsd"
    xmlns="http://www.loc.gov/MARC21/slim">

  <leader>00889nam a22001097a 4500</leader>
  <datafield tag="999" ind1=" " ind2=" ">
    <subfield code="c">60589</subfield>
    <subfield code="d">60589</subfield>
  </datafield>
  <controlfield tag="008">230913s2004ge  xxu||||| |||| 00| 0 geo d</controlfield>
  <datafield tag="020" ind1=" " ind2=" ">
    <subfield code="a">9994001221</subfield>
  </datafield>
  <datafield tag="080" ind1=" " ind2=" ">
    <subfield code="a">07 </subfield>
    <subfield code="b">&#x10F0;-263</subfield>
  </datafield>
  <datafield tag="100" ind1=" " ind2=" ">
    <subfield code="a">&#x10F0;&#x10D0;&#x10DB;&#x10D8;&#x10DA;&#x10E2;&#x10DD;&#x10DC;&#x10D8;, &#x10EF;&#x10DD;&#x10DC; &#x10DB;&#x10D0;&#x10E5;&#x10E1;&#x10D5;&#x10D4;&#x10DA;, &#x10D0;&#x10D5;&#x10E2;&#x10DD;&#x10E0;&#x10D8;.</subfield>
    <subfield code="9">19812</subfield>
  </datafield>
  <datafield tag="245" ind1=" " ind2=" ">
    <subfield code="a">&#x10E9;&#x10D0;&#x10D4;&#x10ED;&#x10D8;&#x10D3;&#x10D4;&#x10D7; &#x10DE;&#x10E0;&#x10D4;&#x10E1;&#x10D0;&#x10E1; : </subfield>
    <subfield code="b">&#x10D0;&#x10DB;&#x10D1;&#x10D0;&#x10D5;&#x10D8; &#x10E1;&#x10D0;&#x10D2;&#x10D0;&#x10D6;&#x10D4;&#x10D7;&#x10DD; &#x10EA;&#x10EE;&#x10DD;&#x10D5;&#x10E0;&#x10D4;&#x10D1;&#x10D0;&#x10D6;&#x10D4;  /</subfield>
    <subfield code="c">&#x10EF;&#x10DD;&#x10DC; &#x10DB;&#x10D0;&#x10E5;&#x10E1;&#x10D5;&#x10D4;&#x10DA; &#x10F0;&#x10D0;&#x10DB;&#x10D8;&#x10DA;&#x10E2;&#x10DD;&#x10DC;&#x10D8;, &#x10EF;&#x10DD;&#x10E0;&#x10EF; &#x10D9;&#x10E0;&#x10D8;&#x10DB;&#x10E1;&#x10D9;&#x10D8; ; &#x10DB;&#x10D7;&#x10D0;&#x10E0;&#x10D2;&#x10DB;&#x10DC;&#x10D4;&#x10DA;&#x10D8; &#x10DC;&#x10DD;&#x10D3;&#x10D0;&#x10E0; &#x10DB;&#x10D0;&#x10DC;&#x10E9;&#x10EE;&#x10D0;&#x10E8;&#x10D5;&#x10D8;&#x10DA;&#x10D8; ; &#x10E0;&#x10D4;&#x10D3;&#x10D0;&#x10E5;&#x10E2;&#x10DD;&#x10E0;&#x10D8; &#x10D0;&#x10DC;&#x10D0; &#x10ED;&#x10D0;&#x10D1;&#x10D0;&#x10E8;&#x10D5;&#x10D8;&#x10DA;&#x10D8;.</subfield>
  </datafield>
  <datafield tag="264" ind1=" " ind2=" ">
    <subfield code="a">&#x10D7;&#x10D1;&#x10D8;&#x10DA;&#x10D8;&#x10E1;&#x10D8; :</subfield>
    <subfield code="b"> &#x10DF;&#x10E3;&#x10E0;&#x10DC;. &#x10D3;&#x10D0; &#x10DB;&#x10D4;&#x10D3;&#x10D8;&#x10D0; &#x10DB;&#x10D4;&#x10DC;&#x10D4;&#x10EF;&#x10DB;. &#x10D9;&#x10D0;&#x10D5;&#x10D9;. &#x10E1;&#x10D9;&#x10DD;&#x10DA;&#x10D0; : &#x10E1;&#x10D0;&#x10E5;. &#x10E1;&#x10D0;&#x10D6;. &#x10E1;&#x10D0;&#x10E5;&#x10DB;&#x10D4;&#x10D7;&#x10D0; &#x10D8;&#x10DC;-&#x10E2;&#x10D8;, (&#x10E1;&#x10E2;. "&#x10E1;&#x10D4;&#x10D6;&#x10D0;&#x10DC;&#x10D8;")</subfield>
    <subfield code="c">2004 .</subfield>
  </datafield>
  <datafield tag="952" ind1=" " ind2=" ">
    <subfield code="0">0</subfield>
    <subfield code="1">0</subfield>
    <subfield code="2">udc</subfield>
    <subfield code="4">0</subfield>
    <subfield code="6">07_&#x10F0;263</subfield>
    <subfield code="7">0</subfield>
    <subfield code="9">95795</subfield>
    <subfield code="a">CPL</subfield>
    <subfield code="b">CPL</subfield>
    <subfield code="c">GEN</subfield>
    <subfield code="d">2023-09-13</subfield>
    <subfield code="g">15.00</subfield>
    <subfield code="o">07  &#x10F0;-263</subfield>
    <subfield code="p">&#x10E1;&#x10EC; 12187</subfield>
    <subfield code="r">2023-09-13</subfield>
    <subfield code="w">2023-09-13</subfield>
    <subfield code="y">BK</subfield>
    <subfield code="z">15.00</subfield>
  </datafield>
</record>
